Meerkats stand tall (Record no. 5505)

MARC details
000 -LEADER
fixed length control field 00529nam a22001817a 4500
005 - DATE AND TIME OF LATEST TRANSACTION
control field 20250513132319.0
008 - FIXED-LENGTH DATA ELEMENTS--GENERAL INFORMATION
fixed length control field 250513b |||||||| |||| 00| 0 eng d
040 ## - CATALOGING SOURCE
Transcribing agency DepED Dasmarinas City
245 ## - TITLE STATEMENT
Title Meerkats stand tall
250 ## - EDITION
Edition statement September 2002 Vol 202 No 3
490 ## - SERIES STATEMENT
SERIES STATEMENT National Geographic
520 ## - SUMMARY, ETC.
Summary, etc. Water Pressure, Down the Drain?, Meerkats, Crucible of the Gods, State of the planet, ZipUSA: 10013
650 ## - SUBJECT ADDED ENTRY--TOPICAL TERM
General subdivision GLOBAL FRESH WATER
650 ## - SUBJECT ADDED ENTRY--TOPICAL TERM
General subdivision SHRINKING GREAT LAKES
650 ## - SUBJECT ADDED ENTRY--TOPICAL TERM
General subdivision MERKATS
650 ## - SUBJECT ADDED ENTRY--TOPICAL TERM
General subdivision GODS
942 ## - ADDED ENTRY ELEMENTS (KOHA)
Source of classification or shelving scheme Dewey Decimal Classification
Koha item type Continuing Resources
999 ## -
-- 5505
-- 5505
Holdings
Homebranch current branch Barcode
DepED Dasmarinas City DepED Dasmarinas City DSMSR092002-074